Plan de negocio Agencia de consolidación de Carga AEROCARGO
Presenta un plan de negocio para la Agencia AEROCARGO que reúna todas las condiciones necesarias para dar atención a las necesidades del sector tabacalero así como obtener ventajas competitivas y el posicionamiento de la Agencia Consolidadora de Carga en el sector. La Agencia se proyecta como una...
| Main Authors: | , , |
|---|---|
| Other Authors: | |
| Format: | Tesis Section = Libro |
| Language: | Undetermined Spanish |
| Published: |
Managua
UNI
2011
|
| Subjects: |
| LEADER | 01461nam a2200277Ia 4500 | ||
|---|---|---|---|
| 008 | 240830s9999 xx 000 0 und d | ||
| 040 | |a BIBLIOTECA-RUPAP T.Mon 658.11 A465 | ||
| 041 | |a spa | ||
| 082 | |a T.Mon 658.11 A465 | ||
| 100 | 1 | |a Altamirano Chavarría, Gloria Raquel | |
| 100 | 1 | |b Rodríguez López, Xochil de los Ángeles | |
| 100 | 1 | |c Benavidez Cruz, Harvy Silver | |
| 245 | 1 | 0 | |a Plan de negocio Agencia de consolidación de Carga AEROCARGO |
| 260 | |a Managua |b UNI |c 2011 | ||
| 300 | |a 127 p. :il. | ||
| 500 | |a Contiene: anexos. | ||
| 502 | |a Tesis (Ingeniero de Sistemas)- UNI, 2011. | ||
| 520 | 3 | |a Presenta un plan de negocio para la Agencia AEROCARGO que reúna todas las condiciones necesarias para dar atención a las necesidades del sector tabacalero así como obtener ventajas competitivas y el posicionamiento de la Agencia Consolidadora de Carga en el sector. La Agencia se proyecta como una agencia consolidadora de carga de productos exportables, siendo el puente entre las empresas y los centros de exportación ya sean, marítimos, aéreos o terrestres, al mismo tiempo facilitará al cliente los trámites entre las empresas y la línea que maneja la carga. | |
| 650 | 7 | |a EMPRESAS-PROYECTOS | |
| 650 | 7 | |b AGENCIAS DE CARGAS-ASPECTOS ECONOMICOS | |
| 650 | 7 | |c NUEVOS NEGOCIOS | |
| 650 | 7 | |d ESTRATEGIA ADMINISTRATIVA | |
| 700 | 1 | |a Tutor: |b Caldera Alfaro, Mario José | |
| 942 | |c BK |2 ddc | ||
| 991 | |a TESIS | ||
| 999 | |c 18483 | ||